01754nam a2200397 i 450000500170000000700030001700800410002002000180006104000350007904100080011408400110012210000350013324500820016825000220025026400390027230000400031133600270035133700330037833800280041149000290043950502720046852000610074054500640080165000520086565000520091765000410096965000370101065000400104765000360108765000380112365100570116165100610121870000470127994200150132699900150134120220317002013.0ta201105s2019 ck a br 000 jdspa d a9789580013358 aCO-BoRNBPbspaerdacCO-BoRNBP0 aspa aC ITU11 aIturralde, Ednad1948-eautora10aCuando callaron las armascEdna Iturralde ; ilustraciones Olga Lucía Aldana aSegunda edición 1aBogotábEducactivabNorma c2019 a119 páginasbilustracionesc20 cm 2rdacontentatextobtxt 2rdamediaasin mediaciónbn 2rdacarrieravolumenbnc0 aTorre amarillapRealismo00tCuando callaron las armastMariposastUnos segundos más de vidatCumplir con una misióntPuentestLa magia del leóntPirámidestLa cartatAleluyatLa medalla de orotLa medalla de orotLos tigres no tienen alastEguzkii, hija de la TierratProblemas bélicos aRecomendado para un público infantil mayor de 9 años aIncluye datos biográficos de la autora al final del texto172LEMBaCuentos infantiles ecuatorianosySiglo XX172LEMBaLiteratura infantil ecuatorianaySiglo XX172LEMBaAutores ecuatorianosvSiglo XX172LEMBaConflicto armado vCuentos172LEMBaConflicto políticovCuentos172LEMBaNiños y guerravCuentos172LEMBaProblemas socialesvCuentos 4aMedio OrientexCondiciones socialesvCuentos9153508 4aAmérica del SurxCondiciones socialesvCuentos91535091 aAldana, Olga Lucía eilustradora9168156 2loccBKLIT c8860d8860